| 000 | 00777nam a2200217Ii 4500 | ||
|---|---|---|---|
| 003 | JO-AjNU | ||
| 008 | 230605s9999||||xx |||||||||||||| ||und|| | ||
| 017 | _a2013/4/ | ||
| 040 |
_aJO-AjNU _bara _erda _cJO-AjNU |
||
| 041 | _aara | ||
| 050 | 1 | 4 | _aDS63.2.C6.A3582 2013 |
| 100 | 3 |
_aاحمد، سامر خير , _eauthor _957465 |
|
| 245 | 0 | 0 | _aالعرب ومستقبل الصين :اللانموذج التنموي والمصاحبه الحضاريه |
| 250 | _aط1 | ||
| 264 | 3 | 1 | _aعمان: وزارة الثقافة،2014 |
| 300 |
_a241ص _bيحتوي على صور |
||
| 336 |
_atext _btxt _2rdacontent |
||
| 337 |
_aunmediated _bn _2rdamedia |
||
| 338 |
_avolume _bnc _2rdacarrier |
||
| 650 | 4 |
_aالصين-علاقات خارجيه-البلاد العربيه _957466 |
|
| 999 |
_aA25755 _c29323 _d29323 |
||